01213nam a2200205 a 4500001001000000003000400010005001700014008004100031020001800072040002500090082001600115100002900131245010400160250001200264260003600276300002800312500005700340504003200397505057800429000048047OSt20201112073621.0181109s2016 dr a 000 0 spa d z9789945460575 aDO-SdBNPbspacBNPHU bM971L, 20161 aMuñoz, Orlando,d1972-13aLa lengua en movimiento :bmanual de teoría y ejercicios de lengua española /cOrlando Muñoz. a5ª ed. aSanto Domingo :bBúho,c2016. a410 p. :bil. ;c24 cm. aIncluye datos biográficos del autor en las solapas aBibliografía : p. 407-4100 aLa comunicación lingüística --tLa pragmática lingüística --tLa compresión de la lectura --tEl estudio de lengua --tLa lengua española en el tiempo --tEl español en América y República Dominicana --tEl aspecto oral de la lengua --tEl aspecto formal de la lengua --tLa sintaxis del español --tLexicología y semántica del español --tLa expresión escrita --tLa ortografía de la lengua española --tEstructuras argumentativas y analógicas --tLas figuras lingüísticas del discurso --tExpresiones homófonas y parónimas --